000 00591nam a22002177a 4500
003 UA-OsUOA
001 67306
007 ta
008 20100220b un ||||| |||| 00| 0 ukr d
100 _aХомова О.
090 _a82
_bХ76
942 _cSA
040 _aUA-OsUOA
_bukr
_cUA-OsUOA
_dUA-OsUOA
245 _aПсихологія людини в драматургії Василя Фольварочного
300 _aС.55-59
955 _a0
041 _aukr
080 _a82
773 0 _w67300
650 7 _a82 Література. Літературознавство
_2UDC
999 _c353346
_d353346